Datum a čas kvízu
29.5
Celkem bodů
Celkový počet nahraných bodů na tomto kvízu bez doplňovacích otázek.
1.
Pořadí na kvízu
Konečné umístění týmu na tomto kvízu.
Zaznamenané odpovědi
| # | Otázka | Odpověď | Body | Výsledky |
|---|---|---|---|---|
| 1. | Pouze jediný československý pr... | 0 | ||
| 2. | Policie doporučila obvinit pre... | 0 | ||
| 3. | Třicetiletá oscarová zpěvačka... | 0 | ||
| 4. | Škoda Auto vyhrála podeváté za... | 0 | ||
| 5. | Zápas mezi americkým šampionem... | 0 | ||
| 6. | Čertů se v kultuře, zeměpisnýc... | 0 | ||
| 7. | Roli čerta v pohádce Čert ví p... | 1 | ||
| 8. | Tenkrát bylo veselo a dost mál... | 0 | ||
| 9. | Jak se jmenuje osada, nacházej... | 1 | ||
| 10. | Jak se nazývá nejnovější česká... | 0.5 |